000 01763nam a22003377a 4500
003 DO-SdBNP
005 20240808133612.0
008 150929b2007 sp a 00| 0 spa d
020 _a9972209202
040 _aBPMSU
_bspa
_cBPMSU
082 4 _a370.114
_bG748l 2007
_222
245 0 3 _aEl gran libro de los valores :
_bcuentos y juegos para aprender a ser mejores seres humanos /
_cLiliana Cadavid... [y otros] ; Coordinación editorial María Cristina Parra ; ilustraciones Patricia Acosta
246 1 4 _aEl gran libro de los valores:
_bcuentos y juegos para aprender y practicar valores
260 _aEspaña :
_bEditores Lexus,
_c2007.
300 _a 3 v. :
_bil., + DVD ;
_c28 cm.
490 0 _aCrecer y prender con Disney
505 _a
520 _aEl tema del ser humano y sus valores nunca ha pasado de moda, ha estado presente constante en la historia de la humanidad. Por medio de las fabulas, cuentos ,relatos ,conceptos y consejos prácticos, En gran libro de los valores pretende hacer un alto en el camino, una pausa para reflexionar acerca de los valores, de su criterio, de su razón de ser ,pero especialmente de transmitirles "enseñanzas" a través de la reflexión y no de las regla. Ni mucho menos del castigo, que la mayor parte de las veces no sirve para cambiar comportamiento.
590 _aInventariado, 2024/VM
650 4 _aCuentos en la educación
_x
650 4 _aCuentos infantiles
650 4 _aEducación en valores
650 4 _aPsicopedagogía
650 4 _aLectura recreativa
700 1 _aCadavid, Liliana
_eautora
700 1 _aParra María Cristina
_edirección
700 1 _aAcosta, Patricia
_eilustraciones
710 2 _aLexus Editores
910 _aVMateo V. Control de calidad. BPMSU
942 _2ddc
_cBK
999 _c8300
_d8300